[Event "Panevezys Elite Open 2020"]
[Site "Panevezys"]
[Date "2020.07.01"]
[Round "7.5"]
[White "Malisauskas, Vidmantas"]
[Black "Stremavicius, Pijus"]
[Result "1/2-1/2"]
[WhiteElo "2423"]
[BlackElo "2163"]
[Annotator "ChessBase"]
[PlyCount "104"]
[EventDate "2020.06.26"]
[EventType "swiss"]
[EventCountry "LTU"]
[SourceTitle "playchess.com"]
[Source "ChessBase"]
[SourceQuality "1"]
[TimeControl "40/5400+30:1800+30"]

1. Nf3 {[%emt 0:03:39]} d5 {[%emt 0:00:00]} 2. d4 {[%emt 0:00:13]} Nf6 {[%emt 0:00:00]} 3. c4 {[%emt 0:00:07]} c6 {[%emt 0:00:00]} 4. e3 {[%emt 0:00:08]} Bf5 {[%emt 0:00:11]} 5. Nc3 {[%emt 0:00:08]} a6 {[%emt 0:00:04]} 6. Qb3 {[%emt 0:04:18]} Ra7 {[%emt 0:00:13]} 7. Bd2 {[%emt 0:02:46]} e6 {[%emt 0:00:44]} 8. Nh4 {[%emt 0:00:16]} Bg4 {[%emt 0:03:24]} 9. h3 {[%emt 0:00:25]} Bh5 {[%emt 0:00:06]} 10. g4 {[%emt 0:00:23]} Nfd7 {[%emt 0:00:20]} 11. Ng2 {[%emt 0:00:37]} Bg6 {[%emt 0:00:07]} 12. Nf4 {[%emt 0:00:12]} b5 {[%emt 0:05:04]} 13. cxd5 {[%emt 0:18:42]} cxd5 {[%emt 0:02:26]} 14. Nxg6 {[%emt 0:00:09]} hxg6 {[%emt 0:00:07]} 15. a4 {[%emt 0:00:09]} b4 {[%emt 0:01:02]} 16. Na2 {[%emt 0:00:44]} a5 {[%emt 0:01:55]} 17. Bb5 {[%emt 0:00:12]} Bd6 {[%emt 0:01:08]} 18. Rc1 {[%emt 0:00:51]} O-O {[%emt 0:01:35]} 19. Rc2 {[%emt 0:03:37]} Qh4 {[%emt 0:06:07]} 20. e4 {[%emt 0:08:25]} dxe4 {[%emt 0:02:11]} 21. Be3 {[%emt 0:00:12]} Rc7 {[%emt 0:01:24]} 22. Rxc7 {[%emt 0:00:27]} Bxc7 {[%emt 0:00:02]} 23. Qc2 {[%emt 0:00:19]} Qd8 {[%emt 0:01:12]} 24. Qxe4 {[%emt 0:00:43]} Nf6 {[%emt 0:00:10]} 25. Qb7 {[%emt 0:00:21]} Nd5 {[%emt 0:09:00]} 26. Ke2 {[%emt 0:01:59]} Bf4 {[%emt 0:02:46]} 27. Bc4 {[%emt 0:02:01]} Qg5 {[%emt 0:05:13]} 28. Bxd5 {[%emt 0:02:30]} exd5 {[%emt 0:00:25]} 29. Re1 {[%emt 0:01:36]} Bxe3 {[%emt 0:04:59]} 30. fxe3 {[%emt 0:05:29]} Qh4 {[%emt 0:00:53]} 31. Qxd5 {[%emt 0:01:55]} Qxh3 {[%emt 0:00:15]} 32. Qf3 {[%emt 0:00:10]} Qh2+ {[%emt 0:00:22]} 33. Qf2 {[%emt 0:00:12]} Qc7 {[%emt 0:00:52]} 34. Kd2 {[%emt 0:06:53]} Qc4 {[%emt 0:00:47]} 35. Nc1 {[%emt 0:01:16]} Rc8 {[%emt 0:00:20]} 36. Rd1 {[%emt 0:00:25]} Qc2+ {[%emt 0:11:21]} 37. Ke1 {[%emt 0:00:09]} Qxa4 {[%emt 0:01:44]} 38. Nd3 {[%emt 0:00:08]} Nd7 {[%emt 0:00:19]} 39. Qf3 {[%emt 0:02:33]} Qb5 {[%emt 0:01:59]} 40. Rd2 {[%emt 0:01:02]} b3 {[%emt 0:01:11]} 41. e4 {[%emt 0:33:37]} Rc2 {[%emt 0:33:05]} 42. Rxc2 {[%emt 0:00:20]} bxc2 {[%emt 0:00:05]} 43. Kd2 {[%emt 0:00:25]} Nb6 {[%emt 0:11:29]} 44. Kc1 {[%emt 0:02:51]} a4 {[%emt 0:01:56]} 45. Nc5 {[%emt 0:04:27]} Nc4 {[%emt 0:01:33]} 46. Qc3 {[%emt 0:01:34]} a3 {[%emt 0:00:25]} 47. b3 {[%emt 0:00:12]} Ne3 {[%emt 0:01:02]} 48. Kd2 {[%emt 0:06:19]} Qf1 {[%emt 0:02:15]} 49. Nd3 {[%emt 0:00:30]} a2 {[%emt 0:01:03]} 50. Ne1 {[%emt 0:00:51]} Qf2+ {[%emt 0:02:12]} 51. Kd3 {[%emt 0:00:09]} Nd1 {[%emt 0:00:00]} 52. Qc8+ {[%emt 0:00:00]} Kh7 {[%emt 0:00:00]} 1/2-1/2

[Event "Panevezys Elite Open 2020"]
[Site "Panevezys"]
[Date "2020.07.01"]
[Round "7.6"]
[White "Krivonosov, Oleg"]
[Black "Starostits, Ilmars"]
[Result "1/2-1/2"]
[WhiteElo "2391"]
[BlackElo "2490"]
[Annotator "TA"]
[PlyCount "30"]
[EventDate "2020.06.26"]
[EventType "swiss"]
[EventCountry "LTU"]
[SourceTitle "playchess.com"]
[Source "ChessBase"]
[SourceQuality "1"]

{[%evp 12,15,16,20,30,20]} 1. Nf3 Nf6 2. c4 c6 3. d4 d5 4. cxd5 cxd5 5. Nc3 Nc6 6. Bf4 a6 7. Rc1 Bg4 {D13: Slav Defence: Exchange variation without ...Bf5.} 8. Ne5 {[#] An uneventful encounter.} {Predecessor:} Bd7 $146 9. e3 e6 10. Bd3 Be7 11. O-O O-O 12. Qf3 g6 13. Bh6 Re8 14. Bg5 Kg7 15. Qh3 Nxe5 {½-½ (66) Ivanisevic,I (2617)-McShane,L (2683) Aix les Bains 2011} 1/2-1/2

[Event "Panevezys Elite Open 2020"]
[Site "Panevezys"]
[Date "2020.07.01"]
[Round "7.7"]
[White "Chukavin, Kirill"]
[Black "Juksta, Karolis"]
[Result "0-1"]
[WhiteElo "2348"]
[BlackElo "2366"]
[Annotator "ChessBase"]
[PlyCount "82"]
[EventDate "2020.06.26"]
[EventType "swiss"]
[EventCountry "LTU"]
[SourceTitle "playchess.com"]
[Source "ChessBase"]
[SourceQuality "1"]
[TimeControl "40/5400+30:1800+30"]

1. e4 {[%emt 0:00:20]} e6 {[%emt 0:00:00]} 2. d4 {[%emt 0:00:25]} d5 {[%emt 0:00:00]} 3. Bd3 {[%emt 0:00:05]} dxe4 {[%emt 0:03:03]} 4. Bxe4 {[%emt 0:00:08]} Nf6 {[%emt 0:00:06]} 5. Bf3 {[%emt 0:00:05]} c5 {[%emt 0:00:06]} 6. Ne2 {[%emt 0:00:09]} Nc6 {[%emt 0:00:06]} 7. Be3 {[%emt 0:00:09]} e5 {[%emt 0:01:06]} 8. Bxc6+ {[%emt 0:00:35]} bxc6 {[%emt 0:00:06]} 9. dxe5 {[%emt 0:00:05]} Qxd1+ {[%emt 0:00:04]} 10. Kxd1 {[%emt 0:00:05]} Ng4 {[%emt 0:00:08]} 11. Nd2 {[%emt 0:07:47]} Ba6 {[%emt 0:16:48]} 12. Nc3 {[%emt 0:19:01]} O-O-O {[%emt 0:09:47]} 13. Ke1 {[%emt 0:04:11]} Nxe5 {[%emt 0:01:49]} 14. f3 {[%emt 0:04:02]} f5 {[%emt 0:07:14]} 15. Kf2 {[%emt 0:06:41]} Bd6 {[%emt 0:02:27]} 16. Rad1 {[%emt 0:03:48]} Rhe8 {[%emt 0:08:16]} 17. Nb3 {[%emt 0:14:16]} Nc4 {[%emt 0:18:20]} 18. Bxc5 {[%emt 0:08:18]} Be5 {[%emt 0:01:25]} 19. Rxd8+ {[%emt 0:09:10]} Rxd8 {[%emt 0:00:16]} 20. Rd1 {[%emt 0:02:17]} Nxb2 {[%emt 0:04:36]} 21. Rxd8+ {[%emt 0:00:10]} Kxd8 {[%emt 0:00:05]} 22. Bd4 {[%emt 0:00:53]} Nc4 {[%emt 0:02:47]} 23. Bxe5 {[%emt 0:02:01]} Nxe5 {[%emt 0:00:05]} 24. Nc5 {[%emt 0:03:45]} Bc4 {[%emt 0:00:52]} 25. Ke3 {[%emt 0:00:38]} Ng6 {[%emt 0:03:20]} 26. Kd4 {[%emt 0:00:33]} Bf7 {[%emt 0:00:37]} 27. Nd3 {[%emt 0:01:38]} Ke7 {[%emt 0:04:11]} 28. Kc5 {[%emt 0:02:14]} Kd7 {[%emt 0:04:21]} 29. f4 {[%emt 0:03:25]} Kc7 {[%emt 0:00:31]} 30. Ne5 {[%emt 0:02:28]} Nxe5 {[%emt 0:03:47]} 31. fxe5 {[%emt 0:00:02]} f4 {[%emt 0:06:06]} 32. a3 {[%emt 0:01:38]} Kd7 {[%emt 0:01:25]} 33. g3 {[%emt 0:04:40]} fxg3 {[%emt 0:01:21]} 34. hxg3 {[%emt 0:00:02]} Bg6 {[%emt 0:00:01]} 35. Ne2 {[%emt 0:01:06]} Bxc2 {[%emt 0:00:25]} 36. e6+ {[%emt 0:00:31]} Ke7 {[%emt 0:00:21]} 37. Kxc6 {[%emt 0:00:34]} Be4+ {[%emt 0:00:12]} 38. Kc7 {[%emt 0:00:25]} Kxe6 {[%emt 0:00:06]} 39. a4 {[%emt 0:00:36]} Kf5 {[%emt 0:01:15]} 40. a5 {[%emt 0:00:29]} Kg4 {[%emt 0:00:45]} 41. Nf4 {[%emt 0:03:04]} h5 {[%emt 0:04:36]} 0-1

[Event "Panevezys Elite Open 2020"]
[Site "Panevezys"]
[Date "2020.07.01"]
[Round "7.8"]
[White "Bagdanskis, Dangis"]
[Black "Brazdzionis, Andrius"]
[Result "1/2-1/2"]
[WhiteElo "1916"]
[BlackElo "2342"]
[Annotator "TA"]
[PlyCount "85"]
[EventDate "2020.06.26"]
[EventType "swiss"]
[EventCountry "LTU"]
[SourceTitle "playchess.com"]
[Source "ChessBase"]
[SourceQuality "1"]

{[%evp 9,85,0,4,0,0,0,11,-19,-22,-31,-27,-24,-12,-28,-19,-42,-27,-44,-48,-48,-48,-57,-56,-56,-37,-41,-36,-37,-41,-47,-39,-89,-14,-23,-23,-53,-32,-28,-36,-31,-15,-36,-17,-20,-4,-33,-4,-45,-14,-37,-4,-6,0,0,0,0,0,0,0,0,0,0,0,0,40,0,0,-31,-37,-29,344,275,302,307,293,336,284,345]} 1. d4 Nf6 2. Nf3 d5 3. c3 Bf5 4. Bf4 e6 5. e3 Bd6 6. Bxd6 {D02: 1 d4 d5 2 Nf3 sidelines, including 2...Nf6 3 g3 and 2...Nf6 3 Bf4.} Qxd6 7. Qb3 b6 8. Ne5 {The position is equal.} O-O {[#]} 9. Nd2 $146 ({Predecessor:} 9. Be2 Bxb1 10. Rxb1 Ne4 11. Rd1 c5 12. Qc2 Nc6 13. Nxc6 Qxc6 14. O-O b5 15. f3 {½-½ (44) Tipary,L-Molnar,I Budapest 1956}) 9... c5 10. Be2 h6 11. g4 Bh7 12. h4 Nfd7 13. f4 f6 14. Nxd7 Nxd7 15. Bf3 {[#]} b5 $1 {[%mdl 512]} 16. O-O (16. Qxb5 Rab8) 16... c4 17. Qd1 Rab8 18. Bg2 Bd3 19. Rf2 e5 20. Bf1 Bh7 (20... a5 $17) 21. Bg2 $11 e4 22. b4 {[#]} a5 $1 {[%mdl 512]} 23. a3 (23. bxa5 Qa3) 23... Ra8 24. Nf1 Ra7 25. Rc1 axb4 26. axb4 Ra3 27. Qe1 Rfa8 28. Rfc2 R8a4 29. Qf2 Bg6 30. Ng3 Ra1 31. Bh3 Qe7 32. Kg2 Rxc1 33. Rxc1 Nb6 34. Rc2 Ra3 35. Ne2 Bf7 36. Qg3 Be6 37. g5 {Threatens to win with f5.} Bxh3+ 38. Kxh3 {Threatening gxh6.} Qe6+ 39. Kh2 Kf7 $2 {[%mdl 8192] This move loses the game for Black.} (39... f5 $11) 40. gxh6 $18 {White has a decisive advantage.} gxh6 {[#]} 41. f5 $1 {[%cal Rf5e6][%mdl 512]} Qxf5 42. Nf4 {Rg2 is the strong threat.} h5 {[#]} 43. Nh3 $1 {[%mdl 32768] Accuracy: White = 80%, Black = 77%. . An unexpected result.} 1/2-1/2

[Event "Panevezys Elite Open 2020"]
[Site "Panevezys"]
[Date "2020.07.01"]
[Round "7.9"]
[White "Butvilas, Aistis"]
[Black "Valantiejus, Vaidotas"]
[Result "0-1"]
[WhiteElo "2103"]
[BlackElo "2082"]
[Annotator "ChessBase"]
[PlyCount "118"]
[EventDate "2020.06.26"]
[EventType "swiss"]
[EventCountry "LTU"]
[SourceTitle "playchess.com"]
[Source "ChessBase"]
[SourceQuality "1"]
[TimeControl "40/5400+30:1800+30"]

1. d4 {[%emt 0:00:00]} Nf6 {[%emt 0:00:00]} 2. c4 {[%emt 0:00:00]} e6 {[%emt 0:00:00]} 3. Nc3 {[%emt 0:00:00]} Bb4 {[%emt 0:01:50]} 4. f3 {[%emt 0:00:11]} c5 {[%emt 0:00:22]} 5. d5 {[%emt 0:00:14]} d6 {[%emt 0:00:19]} 6. e4 {[%emt 0:00:41]} b5 {[%emt 0:00:28]} 7. Nge2 {[%emt 0:03:49]} bxc4 {[%emt 0:01:22]} 8. Nf4 {[%emt 0:04:15]} Bxc3+ {[%emt 0:00:43]} 9. bxc3 {[%emt 0:00:10]} e5 {[%emt 0:00:22]} 10. Ne2 {[%emt 0:01:37]} Nbd7 {[%emt 0:00:53]} 11. g4 {[%emt 0:02:35]} Nb6 {[%emt 0:15:19]} 12. Ng3 {[%emt 0:04:00]} h5 {[%emt 0:08:03]} 13. g5 {[%emt 0:01:00]} Nh7 {[%emt 0:06:34]} 14. h4 {[%emt 0:01:31]} Nf8 {[%emt 0:02:05]} 15. Be3 {[%emt 0:10:26]} g6 {[%emt 0:02:09]} 16. Rh2 {[%emt 0:13:19]} Nfd7 {[%emt 0:01:55]} 17. Be2 {[%emt 0:02:21]} Qe7 {[%emt 0:03:22]} 18. Qc2 {[%emt 0:03:08]} Rb8 {[%emt 0:11:23]} 19. Rb1 {[%emt 0:06:48]} Ba6 {[%emt 0:03:49]} 20. a4 {[%emt 0:02:54]} O-O {[%emt 0:05:45]} 21. Kd2 {[%emt 0:02:08]} Na8 {[%emt 0:01:36]} 22. Rhh1 {[%emt 0:01:33]} Rb3 {[%emt 0:06:55]} 23. Rxb3 {[%emt 0:04:17]} cxb3 {[%emt 0:00:05]} 24. Qxb3 {[%emt 0:00:14]} Bxe2 {[%emt 0:00:10]} 25. Nxe2 {[%emt 0:01:41]} Rb8 {[%emt 0:00:49]} 26. Qa2 {[%emt 0:03:50]} Qd8 {[%emt 0:01:24]} 27. a5 {[%emt 0:10:59]} Rb5 {[%emt 0:00:28]} 28. Ra1 {[%emt 0:00:47]} Qb8 {[%emt 0:00:28]} 29. Kc2 {[%emt 0:01:25]} Nc7 {[%emt 0:02:01]} 30. Nc1 {[%emt 0:01:42]} Na6 {[%emt 0:01:19]} 31. Nd3 {[%emt 0:00:39]} Qc7 {[%emt 0:04:34]} 32. Qa4 {[%emt 0:07:26]} Rb7 {[%emt 0:01:30]} 33. Nb2 {[%emt 0:02:06]} c4 {[%emt 0:08:24]} 34. Ra2 {[%emt 0:06:16]} Ndc5 {[%emt 0:04:54]} 35. Qxc4 {[%emt 0:01:06]} Qd7 {[%emt 0:01:00]} 36. Qf1 {[%emt 0:01:09]} Rc7 {[%emt 0:01:04]} 37. Bxc5 {[%emt 0:00:36]} Nxc5 {[%emt 0:00:12]} 38. Ra3 {[%emt 0:00:32]} Qc8 {[%emt 0:01:04]} 39. c4 {[%emt 0:00:41]} Rb7 {[%emt 0:00:42]} 40. Qe2 {[%emt 0:01:18]} Qh3 {[%emt 0:01:45]} 41. Nd3 {[%emt 0:12:36]} Nxd3 {[%emt 0:04:05]} 42. Rxd3 {[%emt 0:01:13]} Qxh4 {[%emt 0:02:48]} 43. c5 {[%emt 0:03:41]} dxc5 {[%emt 0:00:15]} 44. d6 {[%emt 0:00:45]} Qxg5 {[%emt 0:01:59]} 45. d7 {[%emt 0:00:57]} Qd8 {[%emt 0:00:15]} 46. Qd2 {[%emt 0:00:32]} Rb4 {[%emt 0:00:51]} 47. Qe2 {[%emt 0:03:36]} h4 {[%emt 0:08:02]} 48. Rd6 {[%emt 0:04:05]} h3 {[%emt 0:14:17]} 49. Qa6 {[%emt 0:01:32]} Kg7 {[%emt 0:03:33]} 50. Qc8 {[%emt 0:05:44]} Qxa5 {[%emt 0:00:15]} 51. d8=Q {[%emt 0:00:51]} Qa2+ {[%emt 0:00:36]} 52. Kc3 {[%emt 0:00:28]} Rb3+ {[%emt 0:01:16]} 53. Kc4 {[%emt 0:00:08]} Rb4+ {[%emt 0:00:34]} 54. Kd3 {[%emt 0:00:28]} Rb3+ {[%emt 0:00:17]} 55. Kc4 {[%emt 0:00:08]} Rb4+ {[%emt 0:00:47]} 56. Kd3 {[%emt 0:00:01]} Rb3+ {[%emt 0:00:30]} 57. Kc4 {[%emt 0:00:11]} Rb6+ {[%emt 0:00:25]} 58. Kxc5 {[%emt 0:01:08]} Qc2+ {[%emt 0:00:09]} 59. Kd5 {[%emt 0:00:04]} Rb5+ {[%emt 0:00:10]} 0-1

[Event "Panevezys Elite Open 2020"]
[Site "Panevezys"]
[Date "2020.07.01"]
[Round "7.10"]
[White "Dambrauskas, Virginijus"]
[Black "Boyajyan, David"]
[Result "1-0"]
[WhiteElo "2246"]
[BlackElo "1949"]
[Annotator "ChessBase"]
[PlyCount "103"]
[EventDate "2020.06.26"]
[EventType "swiss"]
[EventCountry "LTU"]
[SourceTitle "playchess.com"]
[Source "ChessBase"]
[SourceQuality "1"]
[TimeControl "40/5400+30:1800+30"]

1. d4 {[%emt 0:00:00]} e6 {[%emt 0:00:00]} 2. c4 {[%emt 0:00:00]} Bb4+ {[%emt 0:00:00]} 3. Nd2 {[%emt 0:00:08]} c5 {[%emt 0:00:00]} 4. a3 {[%emt 0:01:17]} Bxd2+ {[%emt 0:00:25]} 5. Qxd2 {[%emt 0:00:12]} cxd4 {[%emt 0:00:09]} 6. Qxd4 {[%emt 0:01:12]} Nf6 {[%emt 0:00:22]} 7. Nf3 {[%emt 0:10:28]} Nc6 {[%emt 0:00:14]} 8. Qd3 {[%emt 0:05:14]} d5 {[%emt 0:02:59]} 9. Bg5 {[%emt 0:01:52]} dxc4 {[%emt 0:05:57]} 10. Qxc4 {[%emt 0:00:51]} Qa5+ {[%emt 0:10:49]} 11. b4 {[%emt 0:09:12]} Qa4 {[%emt 0:01:32]} 12. e4 {[%emt 0:06:34]} Bd7 {[%emt 0:08:55]} 13. Bd3 {[%emt 0:03:13]} Rc8 {[%emt 0:07:56]} 14. Bc2 {[%emt 0:04:29]} b5 {[%emt 0:00:01]} 15. Qc3 {[%emt 0:00:45]} Qa6 {[%emt 0:01:20]} 16. Bxf6 {[%emt 0:00:19]} gxf6 {[%emt 0:10:45]} 17. Qxf6 {[%emt 0:00:27]} Rg8 {[%emt 0:00:28]} 18. O-O {[%emt 0:05:28]} Rg6 {[%emt 0:01:21]} 19. Qf4 {[%emt 0:02:08]} e5 {[%emt 0:01:39]} 20. Nxe5 {[%emt 0:00:37]} Nxe5 {[%emt 0:00:15]} 21. Qxe5+ {[%emt 0:00:11]} Qe6 {[%emt 0:00:34]} 22. Qxe6+ {[%emt 0:07:35]} Bxe6 {[%emt 0:00:04]} 23. Rfc1 {[%emt 0:12:52]} Bh3 {[%emt 0:00:54]} 24. Bd3 {[%emt 0:02:40]} Rxc1+ {[%emt 0:08:29]} 25. Rxc1 {[%emt 0:00:08]} Rxg2+ {[%emt 0:00:03]} 26. Kf1 {[%emt 0:00:26]} Rxh2+ {[%emt 0:00:51]} 27. Ke2 {[%emt 0:00:18]} Bg4+ {[%emt 0:00:38]} 28. Ke3 {[%emt 0:00:34]} Rh3+ {[%emt 0:00:36]} 29. Kd4 {[%emt 0:00:22]} Bd7 {[%emt 0:02:30]} 30. Rc7 {[%emt 0:02:57]} Rf3 {[%emt 0:00:48]} 31. Rxa7 {[%emt 0:00:22]} Rxf2 {[%emt 0:01:07]} 32. Kc5 {[%emt 0:01:33]} Rg2 {[%emt 0:02:42]} 33. e5 {[%emt 0:00:53]} Rh2 {[%emt 0:02:14]} 34. Bxb5 {[%emt 0:01:54]} Bxb5 {[%emt 0:00:06]} 35. Kxb5 {[%emt 0:00:05]} Rh5 {[%emt 0:00:20]} 36. Kc6 {[%emt 0:00:39]} Rxe5 {[%emt 0:00:26]} 37. b5 {[%emt 0:00:16]} Re1 {[%emt 0:01:19]} 38. b6 {[%emt 0:00:34]} Rc1+ {[%emt 0:00:21]} 39. Kb5 {[%emt 0:01:16]} Rb1+ {[%emt 0:01:13]} 40. Ka5 {[%emt 0:00:42]} Kf8 {[%emt 0:02:29]} 41. b7 {[%emt 0:30:49]} Kg7 {[%emt 0:30:08]} 42. Ka6 {[%emt 0:00:12]} Ra1 {[%emt 0:01:18]} 43. Kb6 {[%emt 0:01:00]} Rb1+ {[%emt 0:00:06]} 44. Kc6 {[%emt 0:04:39]} Rc1+ {[%emt 0:01:55]} 45. Kd5 {[%emt 0:00:09]} Rb1 {[%emt 0:00:08]} 46. Ke4 {[%emt 0:00:39]} Kf6 {[%emt 0:00:29]} 47. a4 {[%emt 0:00:14]} Ke6 {[%emt 0:00:17]} 48. a5 {[%emt 0:00:12]} f5+ {[%emt 0:01:14]} 49. Kd4 {[%emt 0:00:37]} f4 {[%emt 0:00:24]} 50. Ra6+ {[%emt 0:00:35]} Kf5 {[%emt 0:00:57]} 51. Rb6 {[%emt 0:00:10]} Rd1+ {[%emt 0:00:02]} 52. Kc3 {[%emt 0:00:12]} 1-0

[Event "Panevezys Elite Open 2020"]
[Site "Panevezys"]
[Date "2020.07.01"]
[Round "7.11"]
[White "Steponavicius, Stasys"]
[Black "Bagvilas, Lukas"]
[Result "1-0"]
[WhiteElo "2183"]
[BlackElo "1907"]
[Annotator "ChessBase"]
[PlyCount "121"]
[EventDate "2020.06.26"]
[EventType "swiss"]
[EventCountry "LTU"]
[SourceTitle "playchess.com"]
[Source "ChessBase"]
[SourceQuality "1"]
[TimeControl "40/5400+30:1800+30"]

1. d4 {[%emt 0:00:00]} d6 {[%emt 0:00:00]} 2. c4 {[%emt 0:00:05]} f5 {[%emt 0:00:00]} 3. Nf3 {[%emt 0:00:42]} Nf6 {[%emt 0:00:00]} 4. g3 {[%emt 0:00:12]} g6 {[%emt 0:00:00]} 5. Bg2 {[%emt 0:00:07]} Bg7 {[%emt 0:00:05]} 6. O-O {[%emt 0:00:14]} O-O {[%emt 0:00:05]} 7. b3 {[%emt 0:00:22]} c6 {[%emt 0:00:05]} 8. Bb2 {[%emt 0:00:06]} Qc7 {[%emt 0:00:07]} 9. Nbd2 {[%emt 0:00:34]} Nbd7 {[%emt 0:01:10]} 10. Qc2 {[%emt 0:01:22]} e5 {[%emt 0:02:34]} 11. e4 {[%emt 0:02:03]} Nh5 {[%emt 0:04:20]} 12. exf5 {[%emt 0:01:38]} gxf5 {[%emt 0:00:09]} 13. Ng5 {[%emt 0:02:29]} Ndf6 {[%emt 0:02:02]} 14. dxe5 {[%emt 0:02:20]} dxe5 {[%emt 0:00:16]} 15. Rfe1 {[%emt 0:01:36]} e4 {[%emt 0:00:24]} 16. Nf1 {[%emt 0:05:26]} h6 {[%emt 0:01:14]} 17. Nh3 {[%emt 0:00:13]} f4 {[%emt 0:17:46]} 18. Nxf4 {[%emt 0:00:29]} Nxf4 {[%emt 0:00:28]} 19. gxf4 {[%emt 0:00:07]} Qxf4 {[%emt 0:00:31]} 20. Ng3 {[%emt 0:02:24]} Bf5 {[%emt 0:03:37]} 21. Nxf5 {[%emt 0:11:56]} Qxf5 {[%emt 0:00:08]} 22. f3 {[%emt 0:03:18]} Qh5 {[%emt 0:03:18]} 23. Qe2 {[%emt 0:03:21]} exf3 {[%emt 0:02:19]} 24. Bxf3 {[%emt 0:00:30]} Qc5+ {[%emt 0:00:09]} 25. Kh1 {[%emt 0:00:29]} Rae8 {[%emt 0:00:11]} 26. Qg2 {[%emt 0:00:23]} Rxe1+ {[%emt 0:00:57]} 27. Rxe1 {[%emt 0:00:06]} Qg5 {[%emt 0:00:45]} 28. Qxg5 {[%emt 0:02:33]} hxg5 {[%emt 0:00:09]} 29. Ba3 {[%emt 0:03:35]} Re8 {[%emt 0:02:07]} 30. Rxe8+ {[%emt 0:00:17]} Nxe8 {[%emt 0:00:09]} 31. Bc5 {[%emt 0:00:20]} a6 {[%emt 0:07:40]} 32. Bg4 {[%emt 0:00:51]} Bf8 {[%emt 0:00:11]} 33. Be3 {[%emt 0:00:45]} Be7 {[%emt 0:00:33]} 34. c5 {[%emt 0:00:37]} Nc7 {[%emt 0:00:20]} 35. Bc8 {[%emt 0:00:41]} Nd5 {[%emt 0:00:09]} 36. Bf2 {[%emt 0:01:41]} Kf7 {[%emt 0:01:35]} 37. a3 {[%emt 0:03:35]} Nc3 {[%emt 0:00:30]} 38. b4 {[%emt 0:02:12]} Nb5 {[%emt 0:14:04]} 39. Bxb7 {[%emt 0:07:31]} Nxa3 {[%emt 0:00:16]} 40. Bxc6 {[%emt 0:00:16]} Nc2 {[%emt 0:00:22]} 41. Be4 {[%emt 0:30:28]} Nxb4 {[%emt 0:30:29]} 42. c6 {[%emt 0:00:27]} Nxc6 {[%emt 0:00:09]} 43. Bxc6 {[%emt 0:00:07]} a5 {[%emt 0:00:14]} 44. Kg2 {[%emt 0:00:33]} Kg7 {[%emt 0:00:48]} 45. Kf3 {[%emt 0:00:12]} Bd6 {[%emt 0:04:34]} 46. h3 {[%emt 0:00:50]} a4 {[%emt 0:02:21]} 47. Bxa4 {[%emt 0:00:08]} Be5 {[%emt 0:04:29]} 48. Kg4 {[%emt 0:00:12]} Bf6 {[%emt 0:00:07]} 49. Kf5 {[%emt 0:00:17]} Bd8 {[%emt 0:03:08]} 50. Bd4+ {[%emt 0:00:12]} Kh6 {[%emt 0:00:08]} 51. Be8 {[%emt 0:00:33]} Kh7 {[%emt 0:00:18]} 52. Ke6 {[%emt 0:01:38]} Kg8 {[%emt 0:00:54]} 53. Bg6 {[%emt 0:01:44]} Ba5 {[%emt 0:00:34]} 54. Kf5 {[%emt 0:00:38]} Bd2 {[%emt 0:00:06]} 55. Kg4 {[%emt 0:00:21]} Bc1 {[%emt 0:01:52]} 56. Kh5 {[%emt 0:00:06]} Kf8 {[%emt 0:02:05]} 57. Bd3 {[%emt 0:00:13]} Kf7 {[%emt 0:00:20]} 58. Bc4+ {[%emt 0:00:09]} Ke7 {[%emt 0:00:09]} 59. Kg6 {[%emt 0:00:09]} Bd2 {[%emt 0:00:17]} 60. Bg7 {[%emt 0:00:24]} Ke8 {[%emt 0:01:27]} 61. Bh6 {[%emt 0:00:56]} 1-0

[Event "Panevezys Elite Open 2020"]
[Site "Panevezys"]
[Date "2020.07.01"]
[Round "7.12"]
[White "Povilaitis, Tomas"]
[Black "Jablokov, Dmitrij"]
[Result "1/2-1/2"]
[WhiteElo "1832"]
[BlackElo "1962"]
[Annotator "TA"]
[PlyCount "60"]
[EventDate "2020.06.26"]
[EventType "swiss"]
[EventCountry "LTU"]
[SourceTitle "playchess.com"]
[Source "ChessBase"]
[SourceQuality "1"]

{[%evp 21,60,0,3,0,19,23,101,64,98,0,32,8,9,0,6,0,0,0,0,-8,0,-9,4,-18,0,0,6,6,6,8,0,9,2,4,50,14,19,12,16,4,18]} 1. d4 Nf6 2. c4 g6 3. Nc3 d5 4. cxd5 Nxd5 5. Bd2 Bg7 6. e4 Nb6 7. Be3 O-O 8. Nf3 Bg4 9. Be2 Nc6 10. d5 Bxf3 11. gxf3 Na5 12. Bd4 {[#] aiming for Bxg7. D90: Grünfeld: 4 Nf3 Bg7 sidelines.} Bxd4 13. Qxd4 {Threatens to win with Qb4.} Nc6 (13... c5 $1 $11 {remains equal.} 14. Qxc5 Nac4) 14. Qe3 $16 {White is better.} Ne5 {[#]} 15. b3 $146 (15. h4 $16) ({Predecessor:} 15. Rd1 Qd6 16. b3 f5 17. f4 Ng4 18. Qg3 Nh6 19. e5 Qb4 20. Kf1 Rad8 21. h4 {1-0 (48) Bellaiche,A (2499)-Mroziak,M (2306) Biel 2016}) 15... c6 {[%cal Rc6d5]} 16. Rd1 cxd5 17. Nxd5 e6 18. Nc3 Qe7 19. f4 Nc6 20. O-O Rfd8 21. Bf3 Qb4 22. Kh1 Nd4 {[#] White must now prevent ...Nc2.} 23. a3 Qc5 24. Ne2 {[%cal Re2d4]} e5 25. fxe5 {[%cal Re2d4]} Ne6 26. Qxc5 Nxc5 27. Nd4 Re8 (27... Nbd7 $5 {[%cal Rd7e5]}) 28. b4 Ne6 {The position is equal.} 29. Nb5 Re7 30. Nd6 Nf4 {Accuracy: White = 87%, Black = 76%.} 1/2-1/2

[Event "Panevezys Elite Open 2020"]
[Site "Panevezys"]
[Date "2020.07.02"]
[Round "8.1"]
[White "Golubovskis, Maksims"]
[Black "Meshkovs, Nikita"]
[Result "0-1"]
[WhiteElo "2062"]
[BlackElo "2582"]
[Annotator "TA"]
[PlyCount "54"]
[EventDate "2020.06.26"]
[EventType "swiss"]
[EventCountry "LTU"]
[SourceTitle "playchess.com"]
[Source "ChessBase"]
[SourceQuality "1"]

{[%evp 9,54,70,87,66,90,66,66,45,120,-18,-17,-12,4,6,64,22,38,29,69,31,41,21,88,52,50,21,32,-13,-11,-11,-6,-25,-18,-65,-68,-177,-191,-202,-191,-503,-504,-499,-488,-745,-716,-837,-805]} 1. e4 c6 2. d4 Na6 3. Bd3 d5 4. exd5 cxd5 5. c3 Nc7 6. Nf3 {[#] B12: Caro-Kann: Advance Variation.} e6 $146 ({Predecessor:} 6... g6 7. Bf4 a6 8. h3 h5 9. O-O Bh6 10. Qd2 Ne6 11. Bxh6 Nxh6 12. Ne5 Ng7 {0-1 (46) Kosak,M (1655)-Eckert,D (1676) Playchess.com INT 2020}) 7. Bf4 Bd6 8. Ne5 {White is slightly better.} g6 ({Black should play} 8... Ne7 $1 $14) 9. Qf3 (9. Qg4 $16) 9... f6 $11 10. Ng4 Bxf4 11. Qxf4 g5 (11... e5 $11 12. dxe5 Bxg4 13. Qxg4 fxe5) 12. Qd2 (12. Qf3 {with more complications.} h5 13. Ne3 Bd7 14. Nd2 Bb5 15. Bc2) 12... h5 13. Ne3 $1 f5 14. Na3 Bd7 15. O-O-O f4 (15... Qf6 $11 {remains equal.}) 16. Nec2 Qf6 $1 17. h4 g4 $1 18. Rhe1 O-O-O 19. g3 Ne7 20. Bf1 Rdf8 21. Nb4 Qh6 22. Nac2 ({Better is} 22. Bd3 $15) 22... Nf5 $19 23. Bd3 fxg3 24. Bxf5 $2 {[#]} (24. fxg3 Nxg3 25. Ne3) 24... gxf2 {Black is clearly winning.} ({Not} 24... Rxf5 25. Qxh6 Rxh6 26. fxg3 $15) 25. Qxh6 Rxh6 26. Rf1 (26. Re5 $142 Rxf5 27. Rxf5 exf5 28. Nd3) 26... Rxf5 27. Rd3 Bb5 {Accuracy: White = 31%, Black = 78%.} 0-1